Normal view
MARC view
Entry Personal Name
001 - CONTROL NUMBER
- control field: 30792
003 - CONTROL NUMBER IDENTIFIER
- control field: ARRUPE
005 - DATE AND TIME OF LATEST TRANSACTION
- control field: 20170511101247.0
008 - FIXED-LENGTH DATA ELEMENTS
- fixed length control field: 170511|| aca||aabn | a|a d
040 ## - CATALOGING SOURCE
- Original cataloging agency: ARRUPE
- Transcribing agency: ARRUPE
100 ## - HEADING--PERSONAL NAME
- Personal name: Berman, Bruce
670 ## - SOURCE DATA FOUND
- Source citation: Work cat.: (ARRUPE)20583: Berman, Bruce, Control and crisis in Colonial Kenya, 1990